Moderné metódy a algoritmy automatického riadenia realizované pomocou FPGA štruktúr : dát. obhajoby 25.8.2016, č. ved. odboru 5-2-16
Uložené v:
| Hlavný autor: | |
|---|---|
| Ďalší autori: | |
| Médium: | Rukopis Kniha |
| Jazyk: | Slovak |
| Vydavateľské údaje: |
Bratislava :
STU v Bratislave FEI,
2016
|
| Predmet: | |
| On-line prístup: | http://is.stuba.sk/zp/portal_zp.pl?podrobnosti=128258 |
| Tagy: |
Žiadne tagy, Buďte prvý, kto otaguje tento záznam!
|
MARC
| LEADER | 00000ntm a22000003a 4500 | ||
|---|---|---|---|
| 001 | stuzp54712 | ||
| 003 | SK-STU | ||
| 005 | 20230413102225.6 | ||
| 007 | ta | ||
| 008 | 150427s2015----xo-----f-mn---000-0-slo-d | ||
| 040 | |a STU |b slo | ||
| 041 | 0 | |a slo | |
| 100 | 1 | |a Kocúr, Michal |u 030400 |k Z3 |4 aut |U FEI Fakulta elektrotechniky a informatiky |T FEI Ústav automobilovej mechatroniky |X 55800 |U E400 |Y 642 |7 A000055800 | |
| 242 | 0 | 1 | |a Modern methods and algorithms of automatic control realized on FPGA |y eng |
| 245 | 1 | 0 | |a Moderné metódy a algoritmy automatického riadenia realizované pomocou FPGA štruktúr : |b dát. obhajoby 25.8.2016, č. ved. odboru 5-2-16 |
| 260 | |a Bratislava : | ||
| 260 | |b STU v Bratislave FEI, | ||
| 260 | |c 2016 | ||
| 300 | |a 120 s., CD-ROM, |b AUTOREF. 2016, 41 s. | ||
| 650 | 4 | |a FPGA |2 slo | |
| 650 | 4 | |a MPC |2 slo | |
| 650 | 4 | |a PID |2 slo | |
| 650 | 4 | |a systém DC motorv |2 slo | |
| 650 | 4 | |a Prediktívne riadenie |2 slo | |
| 650 | 4 | |a Xilinx Artix-7 |2 slo | |
| 650 | 4 | |a PID |2 eng | |
| 650 | 4 | |a DC motor system |2 eng | |
| 650 | 4 | |a Xilinx Artix-7 |2 eng | |
| 650 | 4 | |a FPGA |2 eng | |
| 650 | 4 | |a SoC |2 eng | |
| 650 | 4 | |a Predictive control |2 eng | |
| 700 | 1 | |a Kozák, Štefan |u 030400 |k Z1 |4 ths |U FEI Fakulta elektrotechniky a informatiky |T FEI Ústav automobilovej mechatroniky |X 1954 |U E400 |Y 642 |7 1954 | |
| 856 | 4 | |u http://is.stuba.sk/zp/portal_zp.pl?podrobnosti=128258 | |
| 996 | |b 284ED01545 |c E*ZP-418 |l EE01 |s A |a 24 |w stuzp54712_0001 | ||